Kho tàng tục ngữ người Việt Hai tập

Bewaard in:
Bibliografische gegevens
Hoofdauteur: Nguyễn Xuân Kính
Formaat: Boek
Tags: Voeg label toe
Geen labels, Wees de eerste die dit record labelt!
Thư viện lưu trữ: Mạng thư viện Đại học Đà Nẵng
LEADER 00911nam a2200217 4500
001 000006009
003 2163
005 20150812140854.0
008 110829s sd
100 0 |a Nguyễn Xuân Kính 
245 0 0 |a Kho tàng tục ngữ người Việt  |b Hai tập  |c Nguyễn Xuân Kính 
774 |a Nguyễn Xuân Kính  |d Văn hoá Thông tin  |d H.  |d 2002  |g Tập 1  |h 1678 tr  |n ĐTTS ghi: Trung tâm khoa học Xã hội và Nhân văn quốc gia. Viện Nghiên cứu văn hoá dân gian  |w 2164 
774 |a Nguyễn Xuân Kính  |d Văn hoá Thông tin  |d H.  |d 2002  |g Tập 2  |h 3238 tr  |n ĐTTS ghi: Trung tâm.... Viện Nghiên cứu văn hoá dân gian. - Thư mục: tr. 3207-3238  |w 2165 
OWN |a LSP 
999 |a From the UDN01 
TYP |a Monograph 
TYP |a Printed language 
980 |a Mạng thư viện Đại học Đà Nẵng